| 000 | 00937cam a2200265 a 4500 | ||
|---|---|---|---|
| 999 |
_c4093 _d4093 |
||
| 001 | 3449342 | ||
| 003 | GBCCL | ||
| 005 | 20241126110510.0 | ||
| 008 | 920406s1992 miu b 001 0 eng | ||
| 010 | _a 92015166 | ||
| 020 |
_a1852400463 _c$8.99 (est.) |
||
| 040 |
_aDLC _cDLC _dDLC |
||
| 050 | 0 | 0 |
_aBF1531 _b.K73 1992 |
| 082 | 0 | 0 |
_a235.4 _220 _bKRA |
| 100 | 1 |
_aKraft, Charles H. _92223 |
|
| 245 | 1 | 0 |
_aDefeating dark angels : _bbreaking demonic oppression in the believer's life / _cCharles H. Kraft. |
| 260 |
_aEngland : _bSovereign world, _cc1993. |
||
| 300 |
_a254 p. ; _c20 cm. |
||
| 504 | _aIncludes bibliographical references (p. 247-250) and index. | ||
| 650 | 0 |
_aDemonology. _9343 |
|
| 650 | 0 |
_aExorcism. _93942 |
|
| 906 |
_a7 _bcbc _corignew _d1 _eocip _f19 _gy-gencatlg |
||
| 942 |
_2ddc _cBK _09 |
||